| 000 | 00705cam a2200241 a 4500 | ||
|---|---|---|---|
| 008 | |||
| 020 | _a0521637228 (pbk.) | ||
| 049 | 0 | _aMAIN | |
| 090 |
_aREF B41 _bCAM |
||
| 245 | 0 | 4 |
_aThe Cambridge dictionary of philosophy / _cedited by Robert Audi. |
| 246 | 3 | 0 | _aDictionary of philosophy |
| 250 | _a2nd ed. | ||
| 260 |
_aCambridge : _bCambridge University Press, _c1999. |
||
| 300 |
_axxxv, 1001 p. : _bill. ; _c27 cm. |
||
| 500 | _aIncludes index. | ||
| 650 | 0 |
_aPhilosophy _xDictionaries. |
|
| 700 | 1 | _aAudi, Robert. | |
| 907 |
_a.b1022810x _b19-10-12 _c30-01-07 |
||
| 003 | |||
| 005 | 20230120191427.0 | ||
| 040 | _cNUST | ||
| 942 |
_cBOOKS _kREF B41 _mCAM |
||
| 999 |
_c100928 _d100928 |
||